| 000 | 00591nam a2200241 a 4500 | ||
|---|---|---|---|
| 001 | nice12345678 | ||
| 003 | IN_TiNIC | ||
| 005 | 20260116013014.0 | ||
| 008 | 050524s1900 lona grp 000 0 eng | ||
| 020 |
_a _c100 |
||
| 082 | 0 | 0 |
_a274.2 _bCAP |
| 100 | _aCapes, W W | ||
| 245 | _aEnglish Church in the Fourtheenth and Fifteenth Centuries | ||
| 260 |
_aLondon _bMacmillan and Co. _c1900 |
||
| 300 | _a391p | ||
| 500 | _aincludes index and biblioraphy | ||
| 505 | 2 | _aIndex | |
| 650 | _aChurch-England | ||
| 700 | 1 | _aCapes, W W | |
| 902 | _bSRS | ||
| 942 | _cBK | ||
| 999 |
_c9238 _d9238 |
||